<?xml version="1.0" encoding="UTF-8"?>
<record
    xmlns:xsi="http://www.w3.org/2001/XMLSchema-instance"
    xsi:schemaLocation="http://www.loc.gov/MARC21/slim http://www.loc.gov/standards/marcxml/schema/MARC21slim.xsd"
    xmlns="http://www.loc.gov/MARC21/slim">

  <leader>02434aam a2200433 a 4500</leader>
  <controlfield tag="003">AR-BeUNQ</controlfield>
  <controlfield tag="005">20240603213001.0</controlfield>
  <controlfield tag="007">ta</controlfield>
  <controlfield tag="008">230417s2022    ag     jr     001 f spa  </controlfield>
  <datafield tag="015" ind1=" " ind2=" ">
    <subfield code="a">AR-2022</subfield>
  </datafield>
  <datafield tag="020" ind1=" " ind2=" ">
    <subfield code="a">9789878070452</subfield>
  </datafield>
  <datafield tag="040" ind1=" " ind2=" ">
    <subfield code="a">AR-BaBN</subfield>
    <subfield code="b">spa</subfield>
    <subfield code="c">AR-BaBN</subfield>
    <subfield code="e">aacr</subfield>
    <subfield code="d">AR-BeUNQ</subfield>
  </datafield>
  <datafield tag="044" ind1=" " ind2=" ">
    <subfield code="a">ag</subfield>
    <subfield code="c">ar-c</subfield>
  </datafield>
  <datafield tag="082" ind1="0" ind2="4">
    <subfield code="a">Ar863</subfield>
    <subfield code="2">21</subfield>
  </datafield>
  <datafield tag="100" ind1="1" ind2=" ">
    <subfield code="a">Bodoc, Liliana,</subfield>
    <subfield code="d">1958-2018</subfield>
  </datafield>
  <datafield tag="245" ind1="1" ind2="0">
    <subfield code="a">Presagio de carnaval /</subfield>
    <subfield code="c">Liliana Bodoc.</subfield>
  </datafield>
  <datafield tag="260" ind1=" " ind2=" ">
    <subfield code="a">Ciudad de Buenos Aires :</subfield>
    <subfield code="b">Grupo Editorial Norma,</subfield>
    <subfield code="c">2022.</subfield>
  </datafield>
  <datafield tag="300" ind1=" " ind2=" ">
    <subfield code="a">107 p. ;</subfield>
    <subfield code="c">21 cm.</subfield>
  </datafield>
  <datafield tag="490" ind1="1" ind2=" ">
    <subfield code="a">Zona Libre</subfield>
  </datafield>
  <datafield tag="520" ind1="3" ind2=" ">
    <subfield code="a">La muerte usa cencerro. Esto lo sab&#xED;a bien Sabino Colque, el vendedor de yuyos protagonista de esta historia. Por eso cuando Mija&#xED;l, el mercader de harina prohibida, le pregunt&#xF3; por &#xC1;ngela y el carnaval, Colque escuch&#xF3; el retint&#xED;n de la desgracia. Sabino hab&#xED;a dejado Bolivia para escapar de la miseria sin saber que se encontrar&#xED;a con la tragedia. Tragedia que tambi&#xE9;n involucra a la hermosa &#xC1;ngela. Es que en el carnaval de San Pedro las fronteras se desdibujan y todo est&#xE1; permitido&#x2026; hasta la muerte.</subfield>
    <subfield code="c">(Descripci&#xF3;n del editor).</subfield>
  </datafield>
  <datafield tag="650" ind1=" " ind2="7">
    <subfield code="a">Literatura (Arte)</subfield>
    <subfield code="2">spines</subfield>
  </datafield>
  <datafield tag="650" ind1=" " ind2="7">
    <subfield code="a">Literatura argentina</subfield>
    <subfield code="2">tell</subfield>
  </datafield>
  <datafield tag="650" ind1=" " ind2="7">
    <subfield code="a">Literatura juvenil</subfield>
    <subfield code="2">tell</subfield>
  </datafield>
  <datafield tag="655" ind1=" " ind2="7">
    <subfield code="a">Novelas</subfield>
    <subfield code="2">tell</subfield>
  </datafield>
  <datafield tag="751" ind1=" " ind2=" ">
    <subfield code="a">Buenos Aires</subfield>
    <subfield code="e">lugar de publicaci&#xF3;n</subfield>
    <subfield code="4">pup</subfield>
  </datafield>
  <datafield tag="830" ind1=" " ind2="0">
    <subfield code="a">Zona libre (Norma)</subfield>
  </datafield>
  <datafield tag="929" ind1=" " ind2=" ">
    <subfield code="a">COMPRA</subfield>
    <subfield code="b">Kapelusz S. A.</subfield>
    <subfield code="c">Exp. 827-2299/2022</subfield>
    <subfield code="d">$2300</subfield>
    <subfield code="e">20230307</subfield>
    <subfield code="f">PAT0079446</subfield>
    <subfield code="j">60736</subfield>
    <subfield code="h">1</subfield>
  </datafield>
  <datafield tag="929" ind1=" " ind2=" ">
    <subfield code="a">COMPRA</subfield>
    <subfield code="b">Kapelusz S. A.</subfield>
    <subfield code="c">Exp. 827-2299/2022</subfield>
    <subfield code="d">$2300</subfield>
    <subfield code="e">20230307</subfield>
    <subfield code="f">PAT0079447</subfield>
    <subfield code="j">60737</subfield>
    <subfield code="h">2</subfield>
  </datafield>
  <datafield tag="929" ind1=" " ind2=" ">
    <subfield code="a">COMPRA</subfield>
    <subfield code="b">Kapelusz S. A.</subfield>
    <subfield code="c">Exp. 827-2299/2022</subfield>
    <subfield code="d">2300</subfield>
    <subfield code="e">20230307</subfield>
    <subfield code="f">PAT0079448</subfield>
    <subfield code="j">60738</subfield>
    <subfield code="h">3</subfield>
  </datafield>
  <datafield tag="929" ind1=" " ind2=" ">
    <subfield code="a">COMPRA</subfield>
    <subfield code="b">Kapelusz S. A.</subfield>
    <subfield code="c">Exp. 827-2299/2022</subfield>
    <subfield code="d">2300</subfield>
    <subfield code="e">20230307</subfield>
    <subfield code="f">PAT0079449</subfield>
    <subfield code="j">60739</subfield>
    <subfield code="h">4</subfield>
  </datafield>
  <datafield tag="929" ind1=" " ind2=" ">
    <subfield code="a">COMPRA</subfield>
    <subfield code="b">Kapelusz S. A.</subfield>
    <subfield code="c">Exp. 827-2299/2022</subfield>
    <subfield code="d">2300</subfield>
    <subfield code="e">20230307</subfield>
    <subfield code="f">PAT0079450</subfield>
    <subfield code="j">60740</subfield>
    <subfield code="h">5</subfield>
  </datafield>
  <datafield tag="929" ind1=" " ind2=" ">
    <subfield code="a">COMPRA</subfield>
    <subfield code="b">C&#xFA;spide Libros S. A.</subfield>
    <subfield code="c">Exp. 827-2000/2023</subfield>
    <subfield code="d">4140</subfield>
    <subfield code="e">20231212</subfield>
    <subfield code="f">PAT0081066</subfield>
    <subfield code="j">62223</subfield>
    <subfield code="h">6</subfield>
  </datafield>
  <datafield tag="929" ind1=" " ind2=" ">
    <subfield code="a">COMPRA</subfield>
    <subfield code="b">C&#xFA;spide Libros S. A.</subfield>
    <subfield code="c">Exp. 827-2000/2023</subfield>
    <subfield code="d">4140</subfield>
    <subfield code="e">20231212</subfield>
    <subfield code="f">PAT0081067</subfield>
    <subfield code="j">62224</subfield>
    <subfield code="h">7</subfield>
  </datafield>
  <datafield tag="929" ind1=" " ind2=" ">
    <subfield code="a">COMPRA</subfield>
    <subfield code="b">C&#xFA;spide Libros S. A.</subfield>
    <subfield code="c">Exp. 827-2000/2023</subfield>
    <subfield code="d">4140</subfield>
    <subfield code="e">20231212</subfield>
    <subfield code="f">PAT0081068</subfield>
    <subfield code="j">62225</subfield>
    <subfield code="h">8</subfield>
  </datafield>
  <datafield tag="929" ind1=" " ind2=" ">
    <subfield code="a">COMPRA</subfield>
    <subfield code="b">C&#xFA;spide Libros S. A.</subfield>
    <subfield code="c">Exp. 827-2000/2023</subfield>
    <subfield code="d">4140</subfield>
    <subfield code="e">20231212</subfield>
    <subfield code="f">PAT0081069</subfield>
    <subfield code="j">62226</subfield>
    <subfield code="h">9</subfield>
  </datafield>
  <datafield tag="929" ind1=" " ind2=" ">
    <subfield code="a">COMPRA</subfield>
    <subfield code="b">C&#xFA;spide Libros S. A.</subfield>
    <subfield code="c">Exp. 827-2000/2023</subfield>
    <subfield code="d">4140</subfield>
    <subfield code="e">20231212</subfield>
    <subfield code="f">PAT0081070</subfield>
    <subfield code="j">62227</subfield>
    <subfield code="h">10</subfield>
  </datafield>
  <datafield tag="942" ind1=" " ind2=" ">
    <subfield code="c">LIB</subfield>
  </datafield>
  <datafield tag="999" ind1=" " ind2=" ">
    <subfield code="c">844</subfield>
    <subfield code="d">844</subfield>
  </datafield>
  <datafield tag="952" ind1=" " ind2=" ">
    <subfield code="0">0</subfield>
    <subfield code="1">0</subfield>
    <subfield code="a">BIBESET</subfield>
    <subfield code="b">BIBESET</subfield>
    <subfield code="c">circulacion</subfield>
    <subfield code="d">2023-04-17</subfield>
    <subfield code="l">0</subfield>
    <subfield code="o">Ar 863 BOD</subfield>
    <subfield code="p">60736</subfield>
    <subfield code="r">2023-05-30</subfield>
    <subfield code="t">1</subfield>
    <subfield code="w">2023-05-30</subfield>
    <subfield code="y">LIB</subfield>
  </datafield>
  <datafield tag="952" ind1=" " ind2=" ">
    <subfield code="0">0</subfield>
    <subfield code="1">0</subfield>
    <subfield code="a">BIBESET</subfield>
    <subfield code="b">BIBESET</subfield>
    <subfield code="c">circulacion</subfield>
    <subfield code="d">2023-04-17</subfield>
    <subfield code="l">0</subfield>
    <subfield code="o">Ar 863 BOD</subfield>
    <subfield code="p">60737</subfield>
    <subfield code="r">2023-05-30</subfield>
    <subfield code="t">2</subfield>
    <subfield code="w">2023-05-30</subfield>
    <subfield code="y">LIB</subfield>
  </datafield>
  <datafield tag="952" ind1=" " ind2=" ">
    <subfield code="0">0</subfield>
    <subfield code="1">0</subfield>
    <subfield code="a">BIBESET</subfield>
    <subfield code="b">BIBESET</subfield>
    <subfield code="c">circulacion</subfield>
    <subfield code="d">2023-04-17</subfield>
    <subfield code="l">0</subfield>
    <subfield code="o">Ar 863 BOD</subfield>
    <subfield code="p">60738</subfield>
    <subfield code="r">2023-05-30</subfield>
    <subfield code="t">3</subfield>
    <subfield code="w">2023-05-30</subfield>
    <subfield code="y">LIB</subfield>
  </datafield>
  <datafield tag="952" ind1=" " ind2=" ">
    <subfield code="0">0</subfield>
    <subfield code="1">0</subfield>
    <subfield code="a">BIBESET</subfield>
    <subfield code="b">BIBESET</subfield>
    <subfield code="c">circulacion</subfield>
    <subfield code="d">2023-04-17</subfield>
    <subfield code="l">0</subfield>
    <subfield code="o">Ar 863 BOD</subfield>
    <subfield code="p">60739</subfield>
    <subfield code="r">2023-05-30</subfield>
    <subfield code="t">4</subfield>
    <subfield code="w">2023-05-30</subfield>
    <subfield code="y">LIB</subfield>
  </datafield>
  <datafield tag="952" ind1=" " ind2=" ">
    <subfield code="0">0</subfield>
    <subfield code="1">0</subfield>
    <subfield code="a">BIBESET</subfield>
    <subfield code="b">BIBESET</subfield>
    <subfield code="c">circulacion</subfield>
    <subfield code="d">2023-04-17</subfield>
    <subfield code="l">0</subfield>
    <subfield code="o">Ar 863 BOD</subfield>
    <subfield code="p">60740</subfield>
    <subfield code="r">2023-05-30</subfield>
    <subfield code="t">5</subfield>
    <subfield code="w">2023-05-30</subfield>
    <subfield code="y">LIB</subfield>
  </datafield>
  <datafield tag="952" ind1=" " ind2=" ">
    <subfield code="0">0</subfield>
    <subfield code="1">0</subfield>
    <subfield code="a">BIBESET</subfield>
    <subfield code="b">BIBESET</subfield>
    <subfield code="c">circulacion</subfield>
    <subfield code="d">2024-06-03</subfield>
    <subfield code="l">0</subfield>
    <subfield code="o">Ar 863 BOD</subfield>
    <subfield code="p">62223</subfield>
    <subfield code="r">2024-06-03</subfield>
    <subfield code="t">6</subfield>
    <subfield code="w">2024-06-03</subfield>
    <subfield code="y">LIB</subfield>
  </datafield>
  <datafield tag="952" ind1=" " ind2=" ">
    <subfield code="0">0</subfield>
    <subfield code="1">0</subfield>
    <subfield code="a">BIBESET</subfield>
    <subfield code="b">BIBESET</subfield>
    <subfield code="c">circulacion</subfield>
    <subfield code="d">2024-06-03</subfield>
    <subfield code="l">0</subfield>
    <subfield code="o">Ar 863 BOD</subfield>
    <subfield code="p">62224</subfield>
    <subfield code="r">2024-06-03</subfield>
    <subfield code="t">7</subfield>
    <subfield code="w">2024-06-03</subfield>
    <subfield code="y">LIB</subfield>
  </datafield>
  <datafield tag="952" ind1=" " ind2=" ">
    <subfield code="0">0</subfield>
    <subfield code="1">0</subfield>
    <subfield code="a">BIBESET</subfield>
    <subfield code="b">BIBESET</subfield>
    <subfield code="c">circulacion</subfield>
    <subfield code="d">2024-06-03</subfield>
    <subfield code="l">0</subfield>
    <subfield code="o">Ar 863 BOD</subfield>
    <subfield code="p">62225</subfield>
    <subfield code="r">2024-06-03</subfield>
    <subfield code="t">8</subfield>
    <subfield code="w">2024-06-03</subfield>
    <subfield code="y">LIB</subfield>
  </datafield>
  <datafield tag="952" ind1=" " ind2=" ">
    <subfield code="0">0</subfield>
    <subfield code="1">0</subfield>
    <subfield code="a">BIBESET</subfield>
    <subfield code="b">BIBESET</subfield>
    <subfield code="c">circulacion</subfield>
    <subfield code="d">2024-06-03</subfield>
    <subfield code="l">0</subfield>
    <subfield code="o">Ar 863 BOD</subfield>
    <subfield code="p">62226</subfield>
    <subfield code="r">2024-06-03</subfield>
    <subfield code="t">9</subfield>
    <subfield code="w">2024-06-03</subfield>
    <subfield code="y">LIB</subfield>
  </datafield>
  <datafield tag="952" ind1=" " ind2=" ">
    <subfield code="0">0</subfield>
    <subfield code="1">0</subfield>
    <subfield code="a">BIBESET</subfield>
    <subfield code="b">BIBESET</subfield>
    <subfield code="c">circulacion</subfield>
    <subfield code="d">2024-06-03</subfield>
    <subfield code="l">0</subfield>
    <subfield code="o">Ar 863 BOD</subfield>
    <subfield code="p">62227</subfield>
    <subfield code="r">2024-06-03</subfield>
    <subfield code="t">10</subfield>
    <subfield code="w">2024-06-03</subfield>
    <subfield code="y">LIB</subfield>
  </datafield>
</record>
